Faculty of Law Library — Cairo University

Official Online Catalog

أحكام تأديب الموظفين فى المملكة العربية السعودية : (Record no. 52136)

MARC details
000 -LEADER
fixed length control field 01406nam a2200325 i 4500
003 - CONTROL NUMBER IDENTIFIER
control field EG-GICUC
005 - DATE AND TIME OF LATEST TRANSACTION
control field 20260121101531.0
008 - FIXED-LENGTH DATA ELEMENTS--GENERAL INFORMATION
fixed length control field 251222m20051426su ||||fr|||| 00| 0 ara d
020 ## - INTERNATIONAL STANDARD BOOK NUMBER
International Standard Book Number 9660141292
040 ## - CATALOGING SOURCE
Original cataloging agency EG-GICUC
Language of cataloging ara
Transcribing agency EG-GICUC
Modifying agency EG-GICUC
Description conventions rda
041 0# - LANGUAGE CODE
Language code of text/sound track or separate title ara
082 04 - DEWEY DECIMAL CLASSIFICATION NUMBER
Edition number 21
Classification number 345.4410531
Item number خ ا . ا
092 04 - LOCALLY ASSIGNED DEWEY CALL NUMBER (OCLC)
Edition number 21
099 ## - LOCAL FREE-TEXT CALL NUMBER (OCLC)
Classification number Law1 07 345.4410531 خ ا . ا 2005
100 0# - MAIN ENTRY--PERSONAL NAME
Personal name خالد خليل الظاهر
Relator term مؤلف.
245 10 - TITLE STATEMENT
Title أحكام تأديب الموظفين فى المملكة العربية السعودية :
Remainder of title دراسة تحليلية /
Statement of responsibility, etc. خالد خليل الظاهر.
264 #1 - PRODUCTION, PUBLICATION, DISTRIBUTION, MANUFACTURE, AND COPYRIGHT NOTICE
Place of production, publication, distribution, manufacture الرياض :
Name of producer, publisher, distributor, manufacturer معهد الإدارة العامة، مركز البحوث،
Date of production, publication, distribution, manufacture, or copyright notice 2005.
300 ## - PHYSICAL DESCRIPTION
Extent 365 ؛ صفحة
Dimensions 24 سم.
336 ## - CONTENT TYPE
Source rda content
Content type term text
337 ## - MEDIA TYPE
Source rda media
Media type term Computer
338 ## - CARRIER TYPE
Source rda carrier
Carrier type term Online Resource
504 ## - BIBLIOGRAPHY, ETC. NOTE
Bibliography, etc. note يحتوي على ارجاعات ببليوجرافية<br/>يحتوي على قائمة بالمراجع
546 ## - LANGUAGE NOTE
Language note النص أغلبه باللغة العربية بعض النصوص الإنجليزية والفرنسية
650 14 - SUBJECT ADDED ENTRY--TOPICAL TERM
Topical term or geographic name entry element تأديب العاملين المدنين بالدولة
General subdivision القانون الإداري
Source of heading or term qrmak
650 14 - SUBJECT ADDED ENTRY--TOPICAL TERM
Topical term or geographic name entry element تأديب الموظفين
651 1# - SUBJECT ADDED ENTRY--GEOGRAPHIC NAME
Source of heading or term qrmak
856 40 - ELECTRONIC LOCATION AND ACCESS
Uniform Resource Identifier <a href="https://fll.law.cu.edu.eg/fulltext/bks/B07-01643.pdf">https://fll.law.cu.edu.eg/fulltext/bks/B07-01643.pdf</a>
905 ## - Cataloger and Reviser Names
Cataloger Name: Rawan khaled
942 ## - ADDED ENTRY ELEMENTS (KOHA)
Source of classification or shelving scheme Dewey Decimal Classification
Koha item type Books
Edition 21
Suppress in OPAC No
Holdings
Withdrawn status Lost status Source of classification or shelving scheme Damaged status Not for loan Collection Home library Current library Date acquired Total checkouts Full call number Barcode Date last seen Copy number Price effective from Koha item type
    Dewey Decimal Classification   Not for loan القانون الإداري جــــامعة القــاهرة مكتبة كلية الحقوق - المبنى الرئيسي 22.12.2025   Law1 07 345.4410531 خ ا . أ 2005 0701643 C1 B07-01643 22.12.2025 1 22.12.2025 Books

© All rights reserved — Faculty of Law, Cairo University